000
00330nam a22001217a 4500
040
_c
SY
082
_a
631
100
_a
NA
245
_a
ការប្រើប្រាស់ថែទាំ ជួសជុល គោយន្ត ឧបករណ៍កសិកម្ម
260
_a
RUA
_b
NA
_c
2009
300
_a
25p.
942
_c
KB
999
_c
9614
_d
9614